000 00588nam a22001931a 4500
001 3168
003 OSt
005 20260204211840.0
008 040712s1983||||dr ||||||b||||||||||spa||
050 _aRD 972.94 C261d
082 _aRD 972.94 C261d
100 _aCasado Soler, Ramón Rafael
245 _aDominicana el país del amor eterno: Testamento universal de un pueblo en la historia de su nombre / Ramón Rafael Casado Soler
264 _aSanto Domingo : Taller
300 _a410 p
500 _aIncluye indice.
650 _aRepública Dominicana - HistoriaÌ
942 _2ddc
_cBK
999 _c3168
_d3168